ARRUPE JESUIT UNIVERSITY

CORONAVIRUS -STOP THE SPREAD - CLEAN,DISINFECT,COVER
Normal view MARC view

Entry Personal Name

Number of records used in: 2

001 - CONTROL NUMBER

  • control field: 43914

003 - CONTROL NUMBER IDENTIFIER

  • control field: ARRUPE

005 - DATE AND TIME OF LATEST TRANSACTION

  • control field: 20190109115050.0

008 - FIXED-LENGTH DATA ELEMENTS

  • fixed length control field: 190109|| aca||aabn | a|a d

040 ## - CATALOGING SOURCE

  • Original cataloging agency: ARRUPE
  • Transcribing agency: ARRUPE

100 ## - HEADING--PERSONAL NAME

  • Personal name: Childe, V. Gordon
  • Fuller form of name: (Vere Gordon),
  • Dates associated with a name: 1892-1957.

670 ## - SOURCE DATA FOUND

  • Source citation: Work cat.: (ARRUPE)0: Childe, V. Gordon (Vere Gordon), 1892-1957., A short introduction to archaeology., 1962

 

Arrupe Library. PO Box MP320 Mt Pleasant, Harare, Zimbabwe
263 242 745411|librarian@aju.ac.zw